Didáctica de la filosofía en la educación media
Saved in:
| Main Author: | |
|---|---|
| Format: | Book |
| Language: | Spanish |
| Published: |
Quito
Universitaria
1968
|
| Subjects: | |
| Tags: |
Add Tag
No Tags, Be the first to tag this record!
|
MARC
| LEADER | 00000nam a2200000 a 4500 | ||
|---|---|---|---|
| 001 | UCU0690 | ||
| 003 | CL-VaPUC | ||
| 008 | 960322e19680000EC |||||||||||||||||spa|d | ||
| 082 | 0 | 4 | |a 107 |b UZC |2 21 |
| 100 | 0 | |a Uzcategui, Emilio |e author |9 356083 | |
| 245 | 1 | 0 | |a Didáctica de la filosofía en la educación media |
| 300 | |a 110 p | ||
| 942 | |c BK | ||
| 945 | |d 19960322 00:00:00 |a paguirre | ||
| 260 | |a Quito |b Universitaria |c 1968 | ||
| 650 | 0 | |a Filosofía |9 223554 | |
| 650 | 0 | |a Currículo |9 307290 | |
| 650 | 0 | |a Métodos de aprendizaje |9 334464 | |
| 650 | 0 | |a Métodos de enseñanza |9 270413 | |
| 650 | 0 | |a Metodología |9 256610 | |
| 650 | 0 | |a Historia |9 255047 | |
| 650 | 0 | |a Lógica |9 256849 | |
| 650 | 0 | |a Filosofía de la educación |9 258384 | |
| 650 | 0 | |a Educación moral |9 308319 | |
| 583 | |a last modification |c 19960322 00:00:00 |k Rodrigo Vera | ||
| 999 | |c 245526 |d 245524 | ||
| 952 | |0 0 |1 0 |4 0 |6 107_000000000000000_UZC_1968 |7 0 |8 P |9 260052 |a BIBEDU |b BIBEDU |c BIBEDU_PB |d 2019-11-19 |i 1638823 |o 107 UZC 1968 |p 1638823 |r 2024-01-25 |w 2019-11-19 |y BK |k EDU | ||